Equipos de Primera Federación 25/26 - Estadísticas

Estadísticas generales
  • Esta prueba ha sido intentada 30 veces
  • La puntuación promedio es 26 de 40
Estadísticas de respuestas
EQUIPO % Correcto
Real Madrid Castilla
97%
Real Murcia
90%
CD Tenerife
86%
FC Cartagena
83%
Atlético Madrid B
79%
Celta Vigo B
79%
Racing de Ferrol
79%
Betis Deportivo
76%
SD Ponferradina
76%
Sevilla Atlético
76%
CD Eldense
72%
Villarreal B
72%
Barakaldo CF
69%
Pontevedra CF
69%
UD Ibiza
69%
CD Lugo
66%
CE Europa
66%
CP Cacereño
66%
Guadalajara
66%
Hércules CF
66%
Mérida AD
66%
Osasuna B
66%
Athletic Club B
62%
CD Teruel
62%
CE Sabadell
62%
Algeciras CF
59%
CF Talavera
59%
Gimnàstic de Tarragona
59%
Real Avilés
59%
Unionistas de Salamanca CF
59%
AD Alcorcón
55%
CD Arenteiro
55%
Arenas Club
52%
Marbella FC
52%
Ourense CF
52%
SD Tarazona
52%
Antequera
48%
Zamora
45%
Atlético Sanluqueño
38%
Juventud Torremolinos CF
34%
No se encontraron pruebas coincidentes
Distribución de puntuación
Porcentaje de gente con cada puntuación
Porcentaje por número respondido
Historial de tus puntuaciones
No has intentado esta prueba.